| 000 | 00897nas a2200277 4500 | ||
|---|---|---|---|
| 001 | BR0807951 | ||
| 003 | BR-BrBNA | ||
| 005 | 20231205112759.0 | ||
| 007 | ta | ||
| 008 | 230509b bl.|||p| |||| 00| 00por d | ||
| 040 |
_aBR-BrBNA _bpor _cBiblioteca Nacional de Agricultura |
||
| 041 | _a(Pt) | ||
| 072 | _aH10 | ||
| 100 | 1 | _aSouza, B. | |
| 100 | 1 | _aCosta, R.I.F. | |
| 100 | 1 | _aTanque, R.L. | |
| 100 | 1 | _aOliveira, P. de S. | |
| 100 | 1 | _aSantos, F.A. | |
| 245 | 1 | _aAspectos da predação entre larvas de Chrysoperla externa (Hagen, 1861)e Ceraeochrysa cubana (Hagen, 1861)(Neuroptera: Chrysopidae)em laboratório | |
| 650 | _aINSETO | ||
| 650 | _aPRAGA DE PLANTA | ||
| 650 | _aCONTROLE BIOLÓGICO | ||
| 773 | 0 |
_tCiência e Agrotecnologia (Brazil) _xISSN 1413-7054 _g(May-Jun 2008), v. 32(3) p. 712-716 _wBR0807951 |
|
| 909 |
_a202311 _bLúcia _c55 _dLúcia Elande |
||
| 942 |
_2AGRIS _n0 _cANA |
||
| 999 |
_c199941 _d199941 |
||